01321nam a2200265 i 4500003000900000005001700009007000300026008004100029040003000070082002000100110010500120240001900225245030700244264005400551300003400605336002700639337003300666338002800699500011000727590002700837910001400864942001400878952014600892999001701038DO-SdBNP20250607073644.0ta250317s2011 dr 000 0 spa d aDO-SdBNPbspacBNPHUerda axxxxbR426L2221 aRepública Dominicana. b Secretaria de Estado de Salud Pública y Asistencia Social (2001)95654913a[ Leyes, etc.]10aLey No. 133-11 ley orgánica del Ministerio Público :bLey no. 137-11, ley orgánica del Tribunal Constitucional y de los procedimientos constitucionales (modificada por la lye No. 145-11 en los artículos 12, 13, 50 y 108) ; Ley No. 138-11 ley orgánica del Consejo Nacional de la Magistratura / aSanto Domingo :b[editor no identificado],c2011. a64, 45, 13 páginas c21 cm. atextobtxt2rdacontent asin mediaciónbn2rdamedia avolumenbnc2rdacarrier aLey No 133-11 tiene 64 páginas, Ley No. 137-11 tiene 45 páginas y Ley no. 138-11 tiene 13 páginas.  aInventariado, 2025/ YL aYLockward 2ddccLBS1 00102ddc51708PDaBNPHUbBNPHUcCTd2021-03-24eDonado por Julián Amarol0oBNPHU PD xxxx R426Lp2025-1915r2025-03-17w2025-03-17yLBS1 c58440d58440